| 000 | 00000nam##2200000za#4500 |
| 001 | 9.612504 |
| 003 | CaOODSP |
| 005 | 20200327124809 |
| 007 | ta |
| 008 | 150406|1995||||xxc||||| f|0| 0 eng|d |
| 022 | |a0706-6457 |
| 040 | |aCaOODSP|beng |
| 043 | |an-cn--- |
| 086 | 1 |aFs97-6/2053E |
| 110 | 1 |aCanada. |bDepartment of Fisheries and Oceans. |
| 245 | 14|aThe Lake O'Law project, Cape Breton, Nova Scotia: 1989-1993 / |cby K. Davidson, et al. |
| 260 | |aOttawa - Ontario : |bFisheries and Oceans Canada |c1995. |
| 300 | |a96p. : |bgraphs, map, references, tables ; |c28 cm. |
| 490 | 1 |aCanadian technical report of fisheries and aquatic sciences|x0706-6457|v2053 |
| 500 | |aPrepared in the Science Branch, Department of Fisheries and Oceans, Gulf Region, C. P. 5030, Moncton (Nouveau-Brunswick), Canada E1C 9B6. |
| 546 | |aRésumés en français |
| 563 | |aSoftcover |
| 590 | |a95-33|b1995-08-18 |
| 720 | 1 |aDavidson, K. |
| 776 | 0#|tThe Lake O'Law Project, Cape Breton, Nova Scotia, 1989-1993 / |w(CaOODSP)9.573872 |
| 830 | #0|aCanadian technical report of fisheries and aquatic sciences,|x0706-6457|v2053|w(CaOODSP)9.514691 |